[Event "29. Erfurter Schachfestival 2019 - Meis"]
[Site "Erfurt"]
[Date "2019.12.28"]
[Round "5.1"]
[White "Abel, Dennes"]
[Black "Kuznecovs, Nikita"]
[Result "0-1"]
[WhiteElo "2463"]
[BlackElo "2306"]
[Annotator "Kohlstädt,Jürgen"]
[PlyCount "78"]
[EventDate "2019.12.26"]

1. Nf3 Nf6 2. c4 e6 3. g3 d5 4. d4 Be7 5. Bg2 O-O 6. Nc3 c6 7. Qd3 dxc4 8. Qxc4
b5 9. Qd3 Ba6 10. Qc2 Nbd7 11. O-O Rc8 12. Rd1 {(=)} b4 13. Ne4 Nxe4 14. Qxe4
Nf6 15. Qc2 Qb6 16. e4 c5 17. d5 exd5 18. exd5 c4 19. Be3 Bc5 20. Bxc5 Rxc5 21.
Ng5 Rd8 22. Ne4 Nxe4 23. Bxe4 g6 24. Rd4 Ra5 25. Qd2 Qc5 26. Qe3 Bb5 27. h4 Ra6
28. h5 Re8 29. hxg6 hxg6 30. g4 Kg7 31. Kg2 f5 32. Rh1 f4 33. Qe2 c3 34. bxc3
bxc3 35. Qd1 Be2 36. Qxe2 Qxd4 37. Qxa6 Qxe4+ 38. Kg1 Qb1+ 39. Kg2 f3+ 0-1

[Event "29. Erfurter Schachfestival 2019 - Meis"]
[Site "Erfurt"]
[Date "2019.12.28"]
[Round "5.2"]
[White "Lagunow, Raphael"]
[Black "Neukirchner, Pascal"]
[Result "1-0"]
[WhiteElo "2424"]
[BlackElo "2224"]
[PlyCount "137"]
[EventDate "2019.12.26"]

1. e4 c5 2. Nf3 Nc6 3. d4 cxd4 4. Nxd4 g6 5. Nc3 Bg7 6. Be3 Nf6 7. Bc4 O-O 8.
Bb3 Re8 9. Nxc6 dxc6 10. Qxd8 Rxd8 11. a4 Ng4 12. Bg5 h6 13. Bxe7 Bxc3+ 14.
bxc3 Re8 15. Bc5 b6 16. Bd4 Rxe4+ 17. Kd2 Ba6 18. Rae1 Rae8 19. h3 c5 20. hxg4
cxd4 21. Rxe4 Rxe4 22. cxd4 Rxd4+ 23. Ke3 Rxg4 24. Rd1 Rxg2 25. Rd7 h5 26. Rxf7
Bf1 27. Rxa7+ Kh8 28. Rd7 h4 29. Rd1 Rg1 30. Be6 Rh1 31. f3 h3 32. Bxh3 Rxh3
33. Rxf1 Rh4 34. Rg1 Kg7 35. Rg4 Rh8 36. Rb4 Rc8 37. Kd3 Rc6 38. Rc4 Rd6+ 39.
Ke4 Kf6 40. Rb4 Ke6 41. Rb5 Rc6 42. Rg5 Kf6 43. Rb5 Ke6 44. Kd3 Kd7 45. Rb4 Rf6
46. f4 Kc6 47. Ke4 Re6+ 48. Kf3 Kc5 49. c3 Rd6 50. Kg4 Rd3 51. Rb5+ Kc6 52. Rg5
Rd6 53. c4 Kc7 54. a5 bxa5 55. Rxa5 Rc6 56. c5 Kd7 57. Rb5 Ke7 58. Kf3 Kd7 59.
Kg4 Ke7 60. Kg5 Kf7 61. Rb7+ Kg8 62. Rb6 Rxc5+ 63. Kxg6 Kf8 64. f5 Rc1 65. Rb8+
Ke7 66. f6+ Ke6 67. Re8+ Kd7 68. f7 Rg1+ 69. Kh5 1-0

[Event "29. Erfurter Schachfestival 2019 - Meis"]
[Site "Erfurt"]
[Date "2019.12.28"]
[Round "5.3"]
[White "Kaiser, Dieter"]
[Black "Gschnitzer, Adrian"]
[Result "0-1"]
[WhiteElo "2228"]
[BlackElo "2408"]
[PlyCount "110"]
[EventDate "2019.12.26"]

1. d4 Nf6 2. c4 c5 3. d5 b5 4. cxb5 a6 5. bxa6 g6 6. Nc3 Bg7 7. g3 O-O 8. Bg2
d6 9. Nf3 Nbd7 10. O-O Nb6 11. Re1 Bxa6 12. Rb1 Nfd7 13. Qc2 Nc4 14. Nd2 Qa5
15. Nxc4 Bxc4 16. Bd2 Ba6 17. a4 Rfb8 18. b3 c4 19. b4 Rxb4 20. Na2 Rxb1 21.
Bxa5 Rb2 22. Qe4 Rxa2 23. Qxe7 Rxa4 24. Bc7 Bb5 25. Bh3 Bf8 26. Qg5 Ra1 27. Rc1
c3 28. Kg2 Nc5 29. Rxa1 Rxa1 30. Qd8 Nb7 31. Qc8 c2 32. Bxd6 Nxd6 33. Qxc2 Bc4
34. Bg4 Bxd5+ 35. Bf3 Bxf3+ 36. Kxf3 h5 37. Kg2 Bg7 38. Qd3 Nf5 39. h3 Bf6 40.
Qb5 Kg7 41. Qc5 Ra2 42. e3 Rb2 43. g4 hxg4 44. hxg4 Nh4+ 45. Kg3 g5 46. f4 Ng6
47. fxg5 Be5+ 48. Kf3 Rb3 49. Ke4 Rb7 50. Kd3 Rc7 51. Qb5 Re7 52. Qc5 Bg3 53.
Qb6 Re6 54. Qb4 Re5 55. Qb2 Bh4 0-1

[Event "29. Erfurter Schachfestival 2019 - Meis"]
[Site "Erfurt"]
[Date "2019.12.28"]
[Round "5.4"]
[White "Strache, Michael"]
[Black "Paul, Johannes"]
[Result "0-1"]
[WhiteElo "2301"]
[BlackElo "2374"]
[PlyCount "140"]
[EventDate "2019.12.26"]

1. c4 Nf6 2. Nc3 g6 3. g3 Bg7 4. Bg2 O-O 5. Nf3 Nc6 6. O-O d6 7. d4 a6 8. b3
Rb8 9. Nd5 e6 10. Nxf6+ Qxf6 11. Bb2 Qe7 12. Qd2 e5 13. a4 a5 14. d5 Nb4 15.
Ne1 b6 16. Nd3 Na6 17. e4 f5 18. f3 Bd7 19. Bc3 fxe4 20. fxe4 h5 21. Qe3 Rxf1+
22. Rxf1 Rf8 23. Bd2 Kh7 24. Rf2 Bg4 25. h3 Bd7 26. Kh2 Rxf2 27. Qxf2 Bh6 28.
Bf3 Bxd2 29. Qxd2 Qf6 30. Qe3 Kg7 31. Be2 h4 32. Kg2 hxg3 33. Qxg3 Kh6 34. Bg4
Bxg4 35. Qxg4 Qg5 36. Kg3 Qxg4+ 37. Kxg4 Nb8 38. Kh4 Nd7 39. Kg4 Nf6+ 40. Kf3
Kg5 41. b4 Nd7 42. bxa5 bxa5 43. Kg3 Kh5 44. h4 Nb6 45. Nb2 g5 46. hxg5 Kxg5
47. Kf3 Kh4 48. c5 dxc5 49. Nd3 Nxa4 50. Ke3 Kg5 51. Nxe5 Nb6 52. d6 cxd6 53.
Nf7+ Kf6 54. Nxd6 a4 55. Nb5 Ke5 56. Kd3 c4+ 57. Ke3 Nc8 58. Nd4 Na7 59. Nf3+
Kd6 60. Nd2 Kc5 61. Nb1 Nb5 62. e5 a3 63. Nxa3 Nxa3 64. e6 Nb5 65. e7 Nd6 66.
Kd2 Kd4 67. Kc2 c3 68. Kc1 Kd3 69. Kd1 c2+ 70. Kc1 Ne8 0-1

[Event "29. Erfurter Schachfestival 2019 - Meis"]
[Site "Erfurt"]
[Date "2019.12.28"]
[Round "5.5"]
[White "Ortmeier, Leonhard"]
[Black "Stein, Robert"]
[Result "1/2-1/2"]
[WhiteElo "2208"]
[BlackElo "2327"]
[Annotator "Kohlstädt,Jürgen"]
[PlyCount "29"]
[EventDate "2019.12.26"]

1. Nf3 Nf6 2. c4 e6 3. b3 d5 4. Bb2 Be7 5. g3 O-O 6. Bg2 b6 7. O-O Bb7 8. e3 c5
9. Qe2 Nc6 10. cxd5 Nxd5 11. d4 cxd4 12. Nxd4 Nxd4 13. Bxd4 Qc7 14. Nd2 Rac8
15. Rfc1 {(=)} 1/2-1/2

[Event "29. Erfurter Schachfestival 2019 - Meis"]
[Site "Erfurt"]
[Date "2019.12.28"]
[Round "5.6"]
[White "Langheinrich, Ferenc"]
[Black "Pubantz, Jan"]
[Result "1/2-1/2"]
[WhiteElo "2378"]
[BlackElo "2207"]
[Annotator "Kohlstädt,Jürgen"]
[PlyCount "71"]
[EventDate "2019.12.26"]

1. Nf3 d5 2. g3 Bg4 3. Bg2 c6 4. O-O Nd7 5. d4 e6 6. Nbd2 Ngf6 7. Re1 Be7 8. e4
dxe4 9. Nxe4 Nxe4 10. Rxe4 Nf6 11. Re1 O-O 12. c3 Rc8 13. Qb3 Qb6 14. Ne5 Bf5
15. Nc4 Qa6 16. a4 b6 17. Bg5 Rfd8 18. Ne3 Nd5 19. Bxd5 Bxg5 20. Bc4 Qb7 21.
Nxf5 exf5 22. Re5 g6 23. Rae1 Bf6 24. R5e2 Bg7 25. Re3 {(=)} Qd7 26. Bf1 h5 27.
Bg2 h4 28. Rd1 hxg3 29. hxg3 Re8 30. Rxe8+ Rxe8 31. Qc4 c5 32. d5 Qd6 33. Kf1
Re5 34. Re1 Rxe1+ 35. Kxe1 Qe5+ 36. Qe2 1/2-1/2

[Event "29. Erfurter Schachfestival 2019 - Meis"]
[Site "Erfurt"]
[Date "2019.12.28"]
[Round "5.7"]
[White "Urban, Lars"]
[Black "Meissner, Felix"]
[Result "1/2-1/2"]
[WhiteElo "2178"]
[BlackElo "2377"]
[Annotator "Kohlstädt,Jürgen"]
[PlyCount "43"]
[EventDate "2019.12.26"]

1. d4 Nf6 2. c4 e5 3. dxe5 Ng4 4. Bf4 g5 5. Bg3 Bg7 6. Nf3 Nc6 7. Nc3 Ngxe5 8.
Nxe5 Nxe5 9. e3 d6 10. h4 g4 11. h5 Be6 12. h6 Bf6 13. Ne4 Nc6 14. Be2 Rg8 15.
Qb3 Bf5 16. Nxf6+ Qxf6 17. O-O-O b6 18. c5 dxc5 19. Qa4 Rg6 20. Bxg4 Qe7 21.
Qf4 Qe4 22. Qxe4+ {(=)} 1/2-1/2

[Event "29. Erfurter Schachfestival 2019 - Meis"]
[Site "Erfurt"]
[Date "2019.12.28"]
[Round "5.8"]
[White "Nothnagel, Marian Can"]
[Black "Heyder, Florian"]
[Result "1-0"]
[WhiteElo "2369"]
[BlackElo "2205"]
[PlyCount "57"]
[EventDate "2019.12.26"]

1. e4 e6 2. d3 d5 3. Nd2 Nf6 4. g3 c5 5. Bg2 Nc6 6. Ngf3 Be7 7. O-O O-O 8. e5
Nd7 9. Re1 Qc7 10. Qe2 Nb6 11. c3 Bd7 12. Nf1 Rae8 13. Bf4 Qd8 14. h4 Bc8 15.
N1h2 Kh8 16. Rad1 Nd7 17. Ng5 Bxg5 18. hxg5 Ne7 19. Qh5 Ng6 20. Ng4 f5 21. exf6
gxf6 22. Bd6 Rf7 23. gxf6 b6 24. Be7 Rfxe7 25. fxe7 Rxe7 26. Qg5 Qf8 27. d4 Re8
28. Re3 Qg7 29. Bxd5 1-0

[Event "29. Erfurter Schachfestival 2019 - Meis"]
[Site "Erfurt"]
[Date "2019.12.28"]
[Round "5.9"]
[White "Eckardt, Joshua"]
[Black "Miszler, Levente"]
[Result "1/2-1/2"]
[WhiteElo "2277"]
[BlackElo "2167"]
[Annotator "Kohlstädt,Jürgen"]
[PlyCount "56"]
[EventDate "2019.12.26"]

1. d4 Nf6 2. c4 g6 3. Nc3 Bg7 4. Nf3 O-O 5. g3 d6 6. Bg2 Nbd7 7. O-O e5 8. e4
h6 9. h3 c6 10. Be3 Qc7 11. Qc2 b6 12. Rfd1 Bb7 13. Rac1 Rac8 14. b3 Rfd8 15.
Qd2 Kh7 16. Ne1 exd4 17. Bxd4 Nc5 18. b4 Ne6 19. Be3 Qe7 20. Nc2 Nc7 21. Bf4
Nh5 22. Be3 d5 23. exd5 cxd5 24. Nxd5 Nxd5 25. cxd5 Bxd5 26. Bxd5 Nf6 27. Nd4
Rxc1 28. Qxc1 Rxd5 {(=)} 1/2-1/2

[Event "29. Erfurter Schachfestival 2019 - Meis"]
[Site "Erfurt"]
[Date "2019.12.28"]
[Round "5.10"]
[White "Schulz, Karsten"]
[Black "Koehler, Lukas"]
[Result "1-0"]
[WhiteElo "2267"]
[BlackElo "2071"]
[Annotator "Kohlstädt,Jürgen"]
[PlyCount "81"]
[EventDate "2019.12.26"]

1. Nf3 Nf6 2. g3 b6 3. Bg2 Bb7 4. c4 c5 5. b3 e6 6. Bb2 Be7 7. O-O O-O 8. Nc3
Nc6 9. e3 d5 10. cxd5 exd5 11. d4 Ne4 12. dxc5 Nxc3 13. Bxc3 bxc5 14. Qd2 Qb6
15. Qb2 f6 16. Rfd1 Rfd8 17. Nh4 Nb4 18. Rd2 Na6 19. a3 Rab8 20. Rad1 Bc6 21.
Rb1 Bf8 {(=)} 22. Qc2 Nc7 23. Rdd1 Be8 24. Qd2 Bf7 25. Ba5 Qd6 26. b4 cxb4 27.
axb4 Rd7 28. Nf5 Qe5 29. Nd4 Qd6 30. Rbc1 Nb5 31. Nc6 Re8 32. Nd4 Na3 33. Qd3
Nc4 34. Nf5 Qa6 35. Rxc4 dxc4 36. Qxd7 c3 37. Bd5 Bxd5 38. Qxe8 Qb7 39. Rxd5 c2
40. Rc5 g6 41. Rxc2 1-0

[Event "29. Erfurter Schachfestival 2019 - Meis"]
[Site "Erfurt"]
[Date "2019.12.28"]
[Round "5.11"]
[White "Weishäutel, Moritz"]
[Black "Lochte, Thomas"]
[Result "1-0"]
[WhiteElo "2231"]
[BlackElo "2014"]
[PlyCount "71"]
[EventDate "2019.12.26"]

1. e4 e6 2. d4 d5 3. Nd2 Nf6 4. e5 Nfd7 5. Bd3 c5 6. c3 Nc6 7. Ne2 cxd4 8. cxd4
Qb6 9. Nf3 f6 10. O-O fxe5 11. dxe5 Ndxe5 12. Nxe5 Nxe5 13. Be3 Bc5 14. Nf4
Bxe3 15. Qh5+ Nf7 16. fxe3 g6 17. Nxg6 hxg6 18. Qxg6 Rf8 19. Rxf7 Rxf7 20. Rf1
Qxe3+ 21. Kh1 Bd7 22. Qxf7+ Kd8 23. Qf8+ Kc7 24. Qxa8 Qxd3 25. Rc1+ Bc6 26.
Qxa7 Qd2 27. Qc5 d4 28. Qc2 Qg5 29. Rd1 e5 30. Qf2 e4 31. Qxd4 e3 32. Qd6+ Kb6
33. Qg3 Qc5 34. Re1 Qd5 35. Qxe3+ Ka6 36. Qa3+ 1-0

[Event "29. Erfurter Schachfestival 2019 - Meis"]
[Site "Erfurt"]
[Date "2019.12.28"]
[Round "5.12"]
[White "Ruppert, Wolfgang"]
[Black "Osmanodja, Filiz"]
[Result "0-1"]
[WhiteElo "2169"]
[BlackElo "2214"]
[PlyCount "89"]
[EventDate "2019.12.26"]

1. d4 Nf6 2. Bf4 c5 3. e3 Qb6 4. Nc3 d6 5. a3 g6 6. h3 Bg7 7. Nf3 O-O 8. Be2
Rd8 9. d5 Nh5 10. Rb1 Nxf4 11. exf4 Nd7 12. O-O Nf6 13. Qd2 a6 14. Rfe1 Qc7 15.
a4 Rb8 16. Bf1 Re8 17. Re3 Bd7 18. Rbe1 Bf8 19. Ng5 h6 20. Ne6 Qb6 21. Nxf8
Kxf8 22. b3 Qb4 23. Rf3 Kg7 24. Qe3 e6 25. dxe6 Rxe6 26. Qc1 Rxe1 27. Qxe1 Re8
28. Re3 Qxf4 29. Rxe8 Bxe8 30. Qe7 Bc6 31. Qe2 Nh5 32. Nd1 Qg5 33. Qe3 Nf4 34.
g3 Qd5 35. f3 Nxh3+ 36. Bxh3 Qxd1+ 37. Kf2 Qxc2+ 38. Kg1 Bd5 39. Bg2 Qxb3 40.
Qf4 Qd1+ 41. Kh2 Be6 42. Qe4 c4 43. Qxb7 c3 44. Qb4 c2 45. Qc3+ 0-1

[Event "29. Erfurter Schachfestival 2019 - Meis"]
[Site "Erfurt"]
[Date "2019.12.28"]
[Round "5.13"]
[White "Lagunow, Alexander"]
[Black "Dehn, Marcus"]
[Result "1/2-1/2"]
[WhiteElo "2374"]
[BlackElo "2110"]
[Annotator "Ruether,Rudolf"]
[PlyCount "87"]
[EventDate "2019.12.26"]

1. e4 d5 2. exd5 Qxd5 3. Nc3 Qd8 4. d4 g6 5. Bf4 Bg7 6. Qd2 c6 7. Nf3 Be6 8.
Ne4 Bd5 9. Qe3 Bxe4 10. Qxe4 Nf6 11. Qd3 Nbd7 12. Be2 O-O 13. O-O c5 14. dxc5
Nxc5 15. Qa3 Ne6 16. Be5 Re8 17. Bb5 Rf8 18. Rad1 Qb6 19. Bc4 Rfc8 20. Bxe6
Qxe6 21. Rfe1 Re8 22. Bc3 Qf5 23. Qb3 b6 24. Re5 Qc8 25. Ng5 e6 26. Re2 Qc6 27.
Bxf6 Bxf6 28. Ne4 Bg7 29. Qf3 Qc7 30. Nf6+ Bxf6 31. Qxf6 Qe7 32. Qxe7 Rxe7 33.
c4 Rc8 34. b3 Rcc7 35. Red2 e5 36. Kf1 f5 37. Ke2 Kf7 38. Ke3 Ke6 39. Rd6+ Kf7
40. h4 Re6 41. Rd8 Re8 42. Rxe8 Kxe8 43. Rd5 Rc5 44. Rd2 {(=)} 1/2-1/2

[Event "29. Erfurter Schachfestival 2019 - Meis"]
[Site "Erfurt"]
[Date "2019.12.28"]
[Round "5.14"]
[White "Derichs, Roger"]
[Black "Stabolewski, Andreas"]
[Result "1-0"]
[WhiteElo "2311"]
[BlackElo "2092"]
[PlyCount "103"]
[EventDate "2019.12.26"]

1. Nf3 d5 2. c4 c6 3. g3 Nf6 4. Bg2 dxc4 5. O-O Nbd7 6. Na3 Nb6 7. Ne5 Qd4 8.
Nexc4 Nxc4 9. Qa4 Nd5 10. Qxc4 Qxc4 11. Nxc4 g6 12. Rb1 Bg7 13. b4 Nb6 14. Na5
a6 15. d3 O-O 16. Bd2 Rb8 17. Rfc1 Bd7 18. Bf4 e5 19. Be3 Na4 20. Ba7 Rbc8 21.
Bc5 Nxc5 22. bxc5 Rc7 23. Nxb7 a5 24. Rb6 Ra8 25. Nd6 a4 26. Rcb1 Bf8 27. a3
Kg7 28. Rc1 f5 29. e3 Kf6 30. d4 e4 31. Nc4 Be6 32. Nd2 Bd5 33. Bf1 Ke6 34. Bc4
Bxc4 35. Nxc4 Kd5 36. Rb4 Ke6 37. Nb6 Ra5 38. Rcc4 Rb7 39. Kf1 Rb5 40. Rxa4
Rb1+ 41. Kg2 g5 42. Ra8 Rf7 43. Rc8 f4 44. Rxc6+ Kf5 45. h3 g4 46. hxg4+ Kxg4
47. exf4 e3 48. Rc2 Re7 49. f3+ Kh5 50. Re2 Rd1 51. Nd5 Rd2 52. Kh3 1-0

[Event "29. Erfurter Schachfestival 2019 - Meis"]
[Site "Erfurt"]
[Date "2019.12.28"]
[Round "5.15"]
[White "Klein, Felix"]
[Black "Böhm, Christian"]
[Result "1-0"]
[WhiteElo "2304"]
[BlackElo "2090"]
[PlyCount "83"]
[EventDate "2019.12.26"]

1. e4 c5 2. Nf3 g6 3. d4 cxd4 4. Nxd4 Bg7 5. Nc3 Nc6 6. Be3 Nf6 7. Bc4 Qa5 8.
O-O O-O 9. Bb3 d6 10. h3 Bd7 11. Re1 Rfc8 12. Qd2 Nxd4 13. Bxd4 Bc6 14. Rad1
Nd7 15. Nd5 Qd8 16. Bxg7 Kxg7 17. c3 a5 18. a3 Nc5 19. Bc2 e5 20. Kh2 Bxd5 21.
Qxd5 Rc6 22. Bd3 Qb6 23. Re2 Ne6 24. g3 Rc5 25. Qa2 Qc6 26. a4 Rd8 27. Bb5 Qc8
28. Re3 Ng5 29. h4 Ne6 30. Bf1 Qc6 31. Qb3 Nc7 32. Rd2 h5 33. Qd1 d5 34. Red3
d4 35. cxd4 Rc1 36. Qe2 Qxa4 37. dxe5 Rxd3 38. Qxd3 Ne6 39. Bh3 Nc5 40. Qf3
Nxe4 41. Rd7 Qc4 42. e6 1-0

[Event "29. Erfurter Schachfestival 2019 - Meis"]
[Site "Erfurt"]
[Date "2019.12.28"]
[Round "5.16"]
[White "Haack, Kevin"]
[Black "Everett, Elijah"]
[Result "0-1"]
[WhiteElo "2042"]
[BlackElo "2230"]
[PlyCount "106"]
[EventDate "2019.12.26"]

1. c4 g6 2. g3 Bg7 3. Bg2 Nf6 4. Nc3 O-O 5. e4 c5 6. Nge2 Nc6 7. O-O d6 8. d3
Ne8 9. Be3 Nd4 10. Rb1 a5 11. a3 a4 12. f4 Bd7 13. Kh1 Nc7 14. Nd5 Nxd5 15.
exd5 Bg4 16. Bxd4 cxd4 17. Bf3 Bd7 18. Ng1 b5 19. Bg4 Bxg4 20. Qxg4 bxc4 21.
dxc4 Qc8 22. Qe2 Rb8 23. Nf3 Rb3 24. Rfd1 Re3 25. Qf1 Qc5 26. Re1 Rb8 27. Nd2
d3 28. b4 axb3 29. Qg1 Bd4 30. Qf1 Rxe1 31. Rxe1 Bc3 32. Qxd3 Bxd2 33. Qxd2
Qxc4 34. Kg1 b2 35. Rb1 Qc5+ 36. Kg2 Qxa3 37. Qc2 Qb3 38. Qd2 Rb5 39. Kh3 Qxd5
40. Qxd5 Rxd5 41. Rxb2 Rd1 42. Kg2 d5 43. Kf2 e6 44. Ke2 Rh1 45. Ke3 h5 46. Re2
Kg7 47. Kd4 Kf6 48. Kc5 Rg1 49. Rd2 h4 50. Rd3 Rg2 51. Kd6 Rxh2 52. g4 Rf2 53.
g5+ Kf5 0-1

[Event "29. Erfurter Schachfestival 2019 - Meis"]
[Site "Erfurt"]
[Date "2019.12.28"]
[Round "5.17"]
[White "Schulte, Felix"]
[Black "Behrens, Harald"]
[Result "1-0"]
[WhiteElo "2126"]
[BlackElo "2222"]
[PlyCount "81"]
[EventDate "2019.12.26"]

1. d4 Nf6 2. c4 e6 3. Nc3 Bb4 4. f3 d5 5. a3 Bxc3+ 6. bxc3 Nbd7 7. cxd5 exd5 8.
e3 O-O 9. Bd3 Re8 10. Ne2 c5 11. O-O Nf8 12. Ng3 Ne6 13. Ra2 Qa5 14. Re2 Bd7
15. Bb2 Rad8 16. Qd2 Bb5 17. Bxb5 Qxb5 18. e4 Nf8 19. e5 N6d7 20. f4 f6 21.
Rfe1 Qb6 22. Nf5 cxd4 23. cxd4 fxe5 24. fxe5 Ne6 25. Bc3 Qb3 26. Bb4 Nb6 27.
Re3 Qa4 28. Rg3 Kh8 29. Rf1 Qd7 30. Qf2 Nc4 31. Bd6 Rc8 32. Nxg7 Nxg7 33. Bf8
Nf5 34. Qxf5 Qxf5 35. Bg7+ Kg8 36. Rxf5 Rc7 37. Bh6+ Kh8 38. Rgf3 Rg8 39. Rf8
Rc8 40. R8f7 Rc6 41. R3f6 1-0

[Event "29. Erfurter Schachfestival 2019 - Meis"]
[Site "Erfurt"]
[Date "2019.12.28"]
[Round "5.18"]
[White "Schmitzer, Klaus"]
[Black "Greiner, Timo"]
[Result "1-0"]
[WhiteElo "2217"]
[BlackElo "2086"]
[PlyCount "55"]
[EventDate "2019.12.26"]

1. d4 d5 2. Bf4 c5 3. e3 Nc6 4. c3 Nf6 5. Nd2 Qb6 6. Qb3 c4 7. Qc2 Bg4 8. Be2
Bxe2 9. Nxe2 e6 10. Ng3 g6 11. e4 Bg7 12. O-O O-O 13. Rfe1 Qd8 14. Nf3 b5 15.
h4 a5 16. Rad1 b4 17. Ne5 Qb6 18. h5 Rfe8 19. Qe2 Rac8 20. Qf3 dxe4 21. Nxe4
Nxe5 22. Bxe5 Nxe4 23. Rxe4 Red8 24. Bxg7 Kxg7 25. h6+ Kf8 26. Qf6 Qc6 27. Rde1
Rd6 28. Re5 1-0

[Event "29. Erfurter Schachfestival 2019 - Meis"]
[Site "Erfurt"]
[Date "2019.12.28"]
[Round "5.19"]
[White "Sieber, Heiko"]
[Black "Schmücker, Marcus"]
[Result "0-1"]
[WhiteElo "1949"]
[BlackElo "2210"]
[Annotator "Ruether,Rudolf"]
[PlyCount "122"]
[EventDate "2019.12.26"]

1. d4 Nf6 2. Nf3 e6 3. c4 b6 4. g3 c6 5. Bg2 Be7 6. O-O O-O 7. Nc3 d5 8. b3 Ba6
9. cxd5 cxd5 10. Bb2 Nc6 11. Rc1 Rc8 12. a3 Na5 13. Nd2 Qd7 14. Re1 Rfd8 15. e3
Rc7 16. Bf1 Bxf1 17. Kxf1 Rdc8 18. b4 Nc4 19. Nxc4 Rxc4 20. Qd3 b5 21. Red1 {
(=)} Bd8 22. Nb1 Ne4 23. Nd2 Nxd2+ 24. Qxd2 f5 25. h4 h6 26. Kg2 Be7 27. Rxc4
bxc4 28. Bc3 Kf7 29. Qc2 Rb8 30. Ra1 Bd6 31. Rb1 g6 32. Qd1 Rb6 33. Qc2 Ra6 34.
Ra1 Qa4 35. Qc1 Qb3 36. Qb2 Qxb2 37. Bxb2 Ke8 38. Kf3 Kd7 39. Ke2 Ra4 40. Kd2
Kc6 41. Kc2 Kb5 42. f4 a5 43. bxa5 Rxa5 44. Bc1 Ka4 45. Bd2 Rb5 46. Bb4 Bc7 47.
h5 Rb8 48. hxg6 Rg8 49. Rh1 Rxg6 50. Rh3 Ba5 51. Bf8 Be1 52. Bxh6 Rxg3 53. Rxg3
Bxg3 54. Bf8 Bf2 55. Kd2 Kb3 56. Bb4 Bh4 57. Ba5 Be7 58. a4 Kxa4 59. Bb6 Kb3
60. Bc5 c3+ 61. Kd3 Bxc5 0-1

[Event "29. Erfurter Schachfestival 2019 - Meis"]
[Site "Erfurt"]
[Date "2019.12.28"]
[Round "5.20"]
[White "Linnemann, Niklas"]
[Black "Kolb, Tobias"]
[Result "0-1"]
[WhiteElo "2007"]
[BlackElo "2185"]
[PlyCount "84"]
[EventDate "2019.12.26"]

1. e4 c6 2. d4 d5 3. Nc3 dxe4 4. Nxe4 Bf5 5. Ng3 Bg6 6. h4 h6 7. h5 Bh7 8. Nf3
Nd7 9. Bd3 Bxd3 10. Qxd3 e6 11. Bd2 Qc7 12. O-O-O O-O-O 13. Kb1 Ngf6 14. c4 Bd6
15. Ne4 Nxe4 16. Qxe4 Nf6 17. Qe2 c5 18. Bc3 cxd4 19. Bxd4 Bc5 20. Bxc5 Qxc5
21. Ne5 Qc7 22. f4 Rxd1+ 23. Rxd1 Rd8 24. Rxd8+ Kxd8 25. g4 Ke7 26. Qd2 Ne4 27.
Qd4 Qd6 28. Qxd6+ Nxd6 29. c5 Ne4 30. b4 f6 31. c6 b5 32. c7 Nd6 33. Nc6+ Kd7
34. Nd8 e5 35. fxe5 fxe5 36. Kc2 Kxc7 37. Ne6+ Kd7 38. Nxg7 Ke7 39. g5 hxg5 40.
h6 Kf7 41. Nh5 Kg6 42. h7 Kxh7 0-1

[Event "29. Erfurter Schachfestival 2019 - Meis"]
[Site "Erfurt"]
[Date "2019.12.28"]
[Round "5.21"]
[White "Zimmermann, René"]
[Black "King, Alexander"]
[Result "1-0"]
[WhiteElo "2184"]
[BlackElo "2052"]
[PlyCount "103"]
[EventDate "2019.12.26"]

1. d4 Nf6 2. c4 g6 3. Nc3 Bg7 4. e4 d6 5. Nf3 O-O 6. h3 e5 7. d5 Nh5 8. Nh2 Qe8
9. g3 f5 10. Bg2 Na6 11. Qe2 Nf6 12. g4 Nc5 13. f3 a5 14. Be3 Na6 15. h4 b6 16.
Bh3 Bd7 17. O-O-O f4 18. Bf2 Rb8 19. Nb5 h6 20. Nf1 Nh7 21. Nd2 Rf7 22. Nb1 Bf8
23. N1c3 Be7 24. Rd2 Nf8 25. Kb1 Rb7 26. Qd1 Qd8 27. Bf1 Kg7 28. h5 g5 29. Be2
Be8 30. a3 Nd7 31. Qc2 Nf6 32. Rhd1 Bd7 33. b3 Rf8 34. Rg1 Kh8 35. Qb2 Be8 36.
Na2 Nd7 37. b4 Kh7 38. Nbc3 Rb8 39. Nb5 Ra8 40. Qc3 Kg7 41. Rb2 Qc8 42. Rd1 Bd8
43. Nc1 Kf6 44. Nb3 Kf7 45. Rc1 Be7 46. Rcc2 Kf6 47. bxa5 bxa5 48. Na7 Qd8 49.
Nc6 Qc8 50. c5 Naxc5 51. Nxe7 Kxe7 52. Nxc5 1-0

[Event "29. Erfurter Schachfestival 2019 - Meis"]
[Site "Erfurt"]
[Date "2019.12.28"]
[Round "5.22"]
[White "Wong, Gengchun"]
[Black "Petri, Wolfgang"]
[Result "1-0"]
[WhiteElo "2180"]
[BlackElo "2023"]
[PlyCount "77"]
[EventDate "2019.12.26"]

1. e4 c5 2. Nf3 Nc6 3. Nc3 g6 4. d4 cxd4 5. Nxd4 Bg7 6. Be3 d6 7. Bc4 Nf6 8. f3
a6 9. Qd2 Nxd4 10. Bxd4 b5 11. Bd5 Rb8 12. Bc6+ Bd7 13. Bxd7+ Qxd7 14. Nd5 e5
15. Be3 Nxd5 16. Qxd5 O-O 17. O-O-O b4 18. Qxd6 Qa4 19. Kb1 Rfc8 20. b3 Qb5 21.
Rhe1 Rc6 22. Qd5 Qb7 23. Qd7 Rc7 24. Qd5 Rc6 25. Re2 h5 26. Bc1 Rbc8 27. Qd7
R6c7 28. Qd5 Rc6 29. Be3 Qc7 30. Qd7 Rxc2 31. Qxc8+ Qxc8 32. Rxc2 Qb7 33. Rd5
f5 34. Rc4 fxe4 35. fxe4 Qe7 36. Bd2 Qf7 37. Rd8+ Kh7 38. Bc1 Qf1 39. Rc7 1-0

[Event "29. Erfurter Schachfestival 2019 - Meis"]
[Site "Erfurt"]
[Date "2019.12.28"]
[Round "5.23"]
[White "Zienert, Richard"]
[Black "Nicolai, Tim"]
[Result "1-0"]
[WhiteElo "2171"]
[BlackElo "1913"]
[PlyCount "85"]
[EventDate "2019.12.26"]

1. e4 c5 2. Nf3 e6 3. d4 cxd4 4. Nxd4 Nc6 5. Nc3 Qc7 6. g3 a6 7. Bg2 Nf6 8. O-O
Be7 9. Be3 h5 10. h3 Ne5 11. Qe2 Nc4 12. Bc1 d6 13. b3 Ne5 14. Bb2 Bd7 15. Nd1
h4 16. g4 Ng6 17. Qd2 Bc6 18. Nxc6 bxc6 19. c4 e5 20. Nc3 Nh7 21. Ne2 Bg5 22.
Qd3 Nhf8 23. Rad1 Rd8 24. f4 exf4 25. Bxg7 Rg8 26. Bb2 Ne6 27. Nd4 Ne5 28. Qe2
f3 29. Nxf3 Nf4 30. Qc2 Be7 31. Nd4 Nxg4 32. hxg4 Rxg4 33. Rxf4 Rxf4 34. Qe2 h3
35. Bxh3 Rh4 36. Qg2 d5 37. exd5 Qe5 38. Qg8+ Bf8 39. Nf5 Qxb2 40. Re1+ Kd7 41.
Qxf7+ Kc8 42. Nd6+ Kb8 43. Qb7# 1-0

[Event "29. Erfurter Schachfestival 2019 - Meis"]
[Site "Erfurt"]
[Date "2019.12.28"]
[Round "5.24"]
[White "Niedzielski, Lars"]
[Black "Hundack, Rolf"]
[Result "1-0"]
[WhiteElo "1939"]
[BlackElo "2163"]
[Annotator "Ruether,Rudolf"]
[PlyCount "93"]
[EventDate "2019.12.26"]

1. d4 Nf6 2. Nf3 e6 3. e3 b6 4. Bd3 Bb7 5. O-O Be7 6. c4 O-O 7. Nc3 d6 8. e4
Nbd7 9. Re1 e5 10. d5 Re8 11. Be3 Nf8 12. Bf1 Ng6 13. b4 Bc8 14. h3 h6 15. Nd2
{(=)} Nh7 16. c5 f5 17. cxd6 cxd6 18. exf5 Bxf5 19. Nde4 Rf8 20. Rc1 Nf4 21.
Bxf4 exf4 22. Nb5 f3 23. Qxf3 Ng5 24. Nxg5 Bxg5 25. Rc6 Bd7 26. Qb3 Bxc6 27.
dxc6+ Kh8 28. Nd4 Qf6 29. Nf3 Bf4 30. Bd3 Rfe8 31. Rd1 Re7 32. Bc2 Rae8 33. g3
Bxg3 34. Qd3 g6 35. fxg3 Re3 36. Qxg6 Qxg6 37. Bxg6 Rg8 38. Kf2 Rc3 39. Be4 Re8
40. Rd4 Re6 41. b5 Rf6 42. Bd3 Ra3 43. c7 Rxa2+ 44. Ke3 Rf8 45. Rxd6 Re8+ 46.
Kd4 Ra4+ 47. Kc3 1-0

[Event "29. Erfurter Schachfestival 2019 - Meis"]
[Site "Erfurt"]
[Date "2019.12.28"]
[Round "5.25"]
[White "Wichmann, Cliff"]
[Black "Sauer, Marko"]
[Result "1-0"]
[WhiteElo "2298"]
[BlackElo "2053"]
[PlyCount "81"]
[EventDate "2019.12.26"]

1. d4 d5 2. c4 e6 3. Nc3 c6 4. Nf3 dxc4 5. a4 Bb4 6. e3 b5 7. Bd2 Bb7 8. axb5
Bxc3 9. bxc3 cxb5 10. Rb1 Qc7 11. Rxb5 Nd7 12. Qa4 Bc6 13. Qxc4 Rc8 14. Rb2
Ngf6 15. Be2 O-O 16. O-O Nb6 17. Qb4 Rb8 18. Qa5 Ne4 19. c4 Nxd2 20. Nxd2 Qe7
21. Rfb1 Rbc8 22. Bf1 f5 23. Ra2 Rc7 24. Rba1 Rfc8 25. Qa3 Qf7 26. Qd6 Rd7 27.
Qg3 Rf8 28. c5 Nd5 29. Nc4 f4 30. exf4 Qxf4 31. Ne5 Rc7 32. Rxa7 Bb7 33. c6 Bc8
34. Rxc7 Nxc7 35. Qxf4 Rxf4 36. Ra7 Ne8 37. Ra8 Nd6 38. Nc4 Nxc4 39. Bxc4 Rxd4
40. Rxc8+ Kf7 41. Be2 1-0